[Event "Blitz 2018"]
[Site "Saint-Petersburg"]
[Date "2018.12.29"]
[Round "2"]
[Board "99"]
[White "Zubritskiy Artyom (RUS)"]
[Black "Alsulaymi Abdullah M (KSA)"]
[Result "1-0"]
[BlackElo "1833"]
[WhiteElo "2513"]
[LiveChessVersion "1.4.8"]

1. d4 {[%clk 0:03:02]} Nf6 {[%clk 0:03:02]} 2. c4 {[%clk 0:03:03]} b5
{[%clk 0:03:04]} 3. cxb5 {[%clk 0:03:04]} a6 {[%clk 0:03:05]} 4. bxa6
{[%clk 0:02:55]} Bxa6 {[%clk 0:03:06]} 5. Nf3 {[%clk 0:02:52]} d6
{[%clk 0:03:04]} 6. g3 {[%clk 0:02:50]} Nbd7 {[%clk 0:02:56]} 7. Bg2
{[%clk 0:02:50]} Rb8 {[%clk 0:02:55]} 8. Nc3 {[%clk 0:02:44]} g6 {[%clk 0:02:55]}
9. O-O {[%clk 0:02:35]} Bg7 {[%clk 0:02:56]} 10. Qc2 {[%clk 0:02:31]} O-O
{[%clk 0:02:53]} 11. Rd1 {[%clk 0:02:31]} c5 {[%clk 0:02:50]} 12. dxc5
{[%clk 0:02:28]} Nxc5 {[%clk 0:02:48]} 13. Nd4 {[%clk 0:02:02]} Qb6
{[%clk 0:02:34]} 14. Nc6 {[%clk 0:01:37]} Rbe8 {[%clk 0:02:14]} 15. b4
{[%clk 0:01:32]} Ne6 {[%clk 0:01:43]} 16. Be3 {[%clk 0:01:18]} Qc7
{[%clk 0:01:35]} 17. Rac1 {[%clk 0:00:53]} Ng4 {[%clk 0:01:35]} 18. Nd5
{[%clk 0:00:50]} Nxe3 {[%clk 0:01:31]} 19. Nxc7 {[%clk 0:00:24]} Nxc2
{[%clk 0:01:31]} 20. Nxe8 {[%clk 0:00:23]} Na3 {[%clk 0:01:21]} 21. Nxe7+
{[%clk 0:00:21]} Kh8 {[%clk 0:01:21]} 22. Nxg7 {[%clk 0:00:20]} Kxg7
{[%clk 0:01:19]} 23. Rxd6 {[%clk 0:00:20]} Bxe2 {[%clk 0:01:12]} 24. Nc6
{[%clk 0:00:12]} Nb5 {[%clk 0:01:10]} 25. Rd2 {[%clk 0:00:13]} Bg4
{[%clk 0:00:53]} 26. h3 {[%clk 0:00:14]} Bf5 {[%clk 0:00:50]} 27. g4
{[%clk 0:00:15]} Rc8 {[%clk 0:00:34]} 28. gxf5 Ned4 29. Rc5 {[%clk 0:00:11]} Nxf5
{[%clk 0:00:31]} 30. Rxb5 {[%clk 0:00:12]} Nh4 {[%clk 0:00:25]} 31. Rc5
{[%clk 0:00:12]} Re8 {[%clk 0:00:21]} 32. Ne5 {[%clk 0:00:13]} f6
{[%clk 0:00:20]} 33. Rd7+ {[%clk 0:00:13]} Kh6 {[%clk 0:00:21]} 34. Ng4#
{[%clk 0:00:14]} 1-0

[Event "Blitz 2018"]
[Site "Saint-Petersburg"]
[Date "2018.12.29"]
[Round "2"]
[Board "100"]
[White "Al Turky Fahad A (KSA)"]
[Black "Seliverstov Vladimir (RUS)"]
[Result "0-1"]
[BlackElo "2512"]
[WhiteElo "1851"]
[LiveChessVersion "1.4.8"]

1. e4 {[%clk 0:03:02]} g6 {[%clk 0:03:03]} 2. Nf3 {[%clk 0:03:02]} Bg7
{[%clk 0:03:04]} 3. d4 {[%clk 0:02:59]} d6 {[%clk 0:03:05]} 4. Be2
{[%clk 0:02:50]} Nf6 {[%clk 0:03:03]} 5. Nc3 {[%clk 0:02:50]} O-O
{[%clk 0:03:02]} 6. O-O {[%clk 0:02:50]} c6 {[%clk 0:03:03]} 7. h3
{[%clk 0:02:49]} Qc7 {[%clk 0:03:03]} 8. Be3 {[%clk 0:02:48]} e5 {[%clk 0:03:02]}
9. d5 {[%clk 0:02:24]} Nbd7 {[%clk 0:02:53]} 10. dxc6 {[%clk 0:02:14]} bxc6
{[%clk 0:02:54]} 11. Qd2 {[%clk 0:02:11]} Bb7 {[%clk 0:02:48]} 12. Bh6
{[%clk 0:01:54]} d5 {[%clk 0:02:45]} 13. Bxg7 {[%clk 0:01:54]} Kxg7
{[%clk 0:02:45]} 14. exd5 {[%clk 0:01:33]} cxd5 {[%clk 0:02:45]} 15. Bb5
{[%clk 0:00:29]} d4 {[%clk 0:02:44]} 16. Ne2 {[%clk 0:00:13]} Bxf3
{[%clk 0:02:41]} 17. gxf3 {[%clk 0:00:15]} Rab8 {[%clk 0:02:33]} 18. Bxd7
{[%clk 0:00:09]} Qxd7 {[%clk 0:02:34]} 19. Kh2 {[%clk 0:00:05]} Rxb2
{[%clk 0:02:33]} 20. Ng3 {[%clk 0:00:04]} h6 {[%clk 0:02:25]} 21. Rg1
{[%clk 0:00:04]} Rc8 {[%clk 0:02:24]} 22. Rac1 Kh7 {[%clk 0:02:20]} 23. Qd3
{[%clk 0:00:00]} Rc3 {[%clk 0:02:20]} 24. Qd2 0-1

[Event "Blitz 2018"]
[Site "Saint-Petersburg"]
[Date "2018.12.29"]
[Round "3"]
[Board "3"]
[White "Alekseenko Kirill (RUS)"]
[Black "Nepomniachtchi Ian (RUS)"]
[Result "0-1"]
[BlackElo "2846"]
[WhiteElo "2665"]
[LiveChessVersion "1.4.8"]

1. e4 {[%clk 0:03:03]} c5 {[%clk 0:03:03]} 2. Nf3 d6 3. d4 {[%clk 0:03:04]} cxd4
{[%clk 0:03:06]} 4. Nxd4 {[%clk 0:03:05]} Nf6 {[%clk 0:03:07]} 5. Nc3 a6 6. Nb3
{[%clk 0:03:07]} g6 {[%clk 0:03:08]} 7. Be3 {[%clk 0:03:08]} Bg7 {[%clk 0:03:02]}
8. Qd2 {[%clk 0:03:10]} Ng4 {[%clk 0:02:35]} 9. Bg5 {[%clk 0:02:52]} h6
{[%clk 0:02:35]} 10. Bh4 {[%clk 0:02:50]} g5 {[%clk 0:02:31]} 11. Bg3
{[%clk 0:02:52]} Nc6 {[%clk 0:02:30]} 12. Be2 {[%clk 0:02:51]} Nge5
{[%clk 0:02:28]} 13. h4 {[%clk 0:02:45]} gxh4 {[%clk 0:02:20]} 14. Bxh4
{[%clk 0:02:24]} Be6 {[%clk 0:02:21]} 15. O-O-O {[%clk 0:02:01]} Na5
{[%clk 0:02:16]} 16. Qd4 {[%clk 0:01:30]} Rg8 {[%clk 0:01:54]} 17. Nxa5
{[%clk 0:01:27]} Qxa5 {[%clk 0:01:55]} 18. Qa4+ {[%clk 0:01:28]} Qxa4
{[%clk 0:01:41]} 19. Nxa4 {[%clk 0:01:29]} Nd7 {[%clk 0:01:27]} 20. f4
{[%clk 0:00:59]} Rc8 {[%clk 0:01:21]} 21. b3 {[%clk 0:00:29]} b5 {[%clk 0:01:17]}
22. Nb2 {[%clk 0:00:30]} Bxb2+ {[%clk 0:01:17]} 23. Kxb2 {[%clk 0:00:31]} Rxg2
{[%clk 0:01:18]} 24. Rde1 {[%clk 0:00:25]} Bg4 {[%clk 0:01:10]} 25. Bxg4
{[%clk 0:00:23]} Rcxc2+ {[%clk 0:01:10]} 26. Kb1 {[%clk 0:00:25]} Rb2+
{[%clk 0:01:11]} 27. Ka1 {[%clk 0:00:11]} Rxa2+ {[%clk 0:01:12]} 28. Kb1
{[%clk 0:00:13]} Rab2+ {[%clk 0:01:13]} 29. Ka1 {[%clk 0:00:14]} Nc5
{[%clk 0:01:14]} 30. Rh3 {[%clk 0:00:10]} Ra2+ {[%clk 0:00:56]} 31. Kb1
{[%clk 0:00:11]} Rgb2+ {[%clk 0:00:57]} 32. Kc1 {[%clk 0:00:12]} Nxb3+
{[%clk 0:00:58]} 33. Rxb3 {[%clk 0:00:12]} Rxb3 {[%clk 0:01:00]} 34. Bd1
{[%clk 0:00:09]} Rh3 {[%clk 0:00:58]} 35. Kb1 {[%clk 0:00:06]} Rg2
{[%clk 0:00:57]} 0-1

[Event "Blitz 2018"]
[Site "Saint-Petersburg"]
[Date "2018.12.29"]
[Round "3"]
[Board "4"]
[White "Postny Evgeny (ISR)"]
[Black "Artemiev Vladislav (RUS)"]
[Result "1-0"]
[BlackElo "2825"]
[WhiteElo "2657"]
[LiveChessVersion "1.4.8"]

1. d4 {[%clk 0:03:02]} Nf6 {[%clk 0:03:03]} 2. c4 {[%clk 0:03:03]} g6
{[%clk 0:03:04]} 3. Nc3 {[%clk 0:03:04]} d5 {[%clk 0:03:04]} 4. Bf4
{[%clk 0:03:01]} Bg7 {[%clk 0:03:05]} 5. e3 {[%clk 0:03:02]} O-O {[%clk 0:03:06]}
6. cxd5 {[%clk 0:03:02]} Nxd5 {[%clk 0:03:06]} 7. Nxd5 {[%clk 0:03:02]} Qxd5
{[%clk 0:03:07]} 8. Bxc7 {[%clk 0:03:03]} Na6 {[%clk 0:03:07]} 9. Bxa6
{[%clk 0:03:03]} Qxg2 {[%clk 0:03:07]} 10. Qf3 {[%clk 0:03:04]} Qxf3
{[%clk 0:03:08]} 11. Nxf3 {[%clk 0:03:05]} bxa6 {[%clk 0:03:09]} 12. Rc1
{[%clk 0:03:05]} f6 {[%clk 0:02:58]} 13. Rg1 {[%clk 0:03:05]} Rf7
{[%clk 0:02:55]} 14. b3 {[%clk 0:03:04]} Bf8 {[%clk 0:02:49]} 15. Nd2
{[%clk 0:03:03]} e6 {[%clk 0:02:38]} 16. Ke2 {[%clk 0:02:56]} Bb7
{[%clk 0:02:18]} 17. Bg3 {[%clk 0:02:16]} Rd8 {[%clk 0:02:01]} 18. Nc4
{[%clk 0:02:14]} Bc6 {[%clk 0:01:49]} 19. Rc2 {[%clk 0:01:49]} Be4
{[%clk 0:01:42]} 20. Rcc1 {[%clk 0:01:49]} g5 {[%clk 0:01:29]} 21. f3
{[%clk 0:01:49]} Bc6 {[%clk 0:01:30]} 22. Rc2 {[%clk 0:01:44]} h5
{[%clk 0:01:27]} 23. a4 {[%clk 0:01:33]} Bd5 {[%clk 0:01:22]} 24. Nd2
{[%clk 0:01:15]} Rb7 {[%clk 0:00:48]} 25. Rb1 {[%clk 0:01:01]} h4
{[%clk 0:00:39]} 26. Bf2 {[%clk 0:00:59]} Rbd7 {[%clk 0:00:32]} 27. e4
{[%clk 0:00:54]} Bb7 {[%clk 0:00:33]} 28. Nc4 {[%clk 0:00:49]} Bb4
{[%clk 0:00:31]} 29. Rg1 {[%clk 0:00:39]} Kf7 {[%clk 0:00:25]} 30. Be3
{[%clk 0:00:38]} a5 {[%clk 0:00:10]} 31. e5 {[%clk 0:00:35]} Rd5 {[%clk 0:00:05]}
32. exf6 {[%clk 0:00:29]} Kxf6 {[%clk 0:00:06]} 33. Ne5 {[%clk 0:00:28]} Ba6+
{[%clk 0:00:05]} 34. Kf2 {[%clk 0:00:29]} Rg8 {[%clk 0:00:03]} 35. Rc7
{[%clk 0:00:28]} Be7 {[%clk 0:00:04]} 36. Ng4+ {[%clk 0:00:22]} Kf7
{[%clk 0:00:05]} 37. Nh6+ {[%clk 0:00:23]} 1-0

[Event "Blitz 2018"]
[Site "Saint-Petersburg"]
[Date "2018.12.29"]
[Round "3"]
[Board "5"]
[White "Andreikin Dmitry (RUS)"]
[Black "Amonatov Farrukh (TJK)"]
[Result "1-0"]
[LiveChessVersion "1.4.8"]
[BlackElo "2656"]
[WhiteElo "2777"]

1. e4 {[%clk 0:03:02]} c5 {[%clk 0:03:03]} 2. Nc3 {[%clk 0:03:03]} d6
{[%clk 0:03:04]} 3. d4 {[%clk 0:03:01]} cxd4 {[%clk 0:03:05]} 4. Qxd4
{[%clk 0:03:02]} Nc6 {[%clk 0:03:06]} 5. Qd2 {[%clk 0:03:03]} g6 {[%clk 0:03:07]}
6. b3 {[%clk 0:03:03]} Bg7 {[%clk 0:03:00]} 7. Bb2 {[%clk 0:03:04]} Nf6
{[%clk 0:03:01]} 8. O-O-O {[%clk 0:03:03]} O-O {[%clk 0:03:01]} 9. Kb1
{[%clk 0:03:04]} a6 {[%clk 0:03:01]} 10. f3 {[%clk 0:02:41]} b5 {[%clk 0:03:00]}
11. g4 {[%clk 0:02:40]} b4 {[%clk 0:02:42]} 12. Nd5 {[%clk 0:02:34]} Nxd5
{[%clk 0:02:42]} 13. Bxg7 {[%clk 0:02:25]} Nc3+ {[%clk 0:02:30]} 14. Bxc3
{[%clk 0:02:25]} bxc3 {[%clk 0:02:31]} 15. Qxc3 {[%clk 0:02:25]} Bd7
{[%clk 0:02:30]} 16. h4 {[%clk 0:02:25]} Qb6 {[%clk 0:02:07]} 17. h5
{[%clk 0:02:07]} g5 {[%clk 0:02:09]} 18. Nh3 {[%clk 0:01:53]} h6 {[%clk 0:02:04]}
19. f4 {[%clk 0:01:46]} Bxg4 {[%clk 0:01:54]} 20. Rd2 {[%clk 0:01:32]} Qa5
{[%clk 0:01:06]} 21. Qxa5 {[%clk 0:01:26]} Nxa5 {[%clk 0:01:07]} 22. fxg5
{[%clk 0:01:24]} Bxh3 {[%clk 0:00:48]} 23. Bxh3 {[%clk 0:01:24]} hxg5
{[%clk 0:00:50]} 24. Rd5 {[%clk 0:01:24]} Nc6 {[%clk 0:00:51]} 25. Rxg5+
{[%clk 0:01:24]} Kh7 {[%clk 0:00:41]} 26. Rhg1 {[%clk 0:01:03]} Ne5
{[%clk 0:00:35]} 27. R1g3 {[%clk 0:00:40]} Kh6 28. c4 a5 {[%clk 0:00:23]} 29. c5
{[%clk 0:00:37]} a4 {[%clk 0:00:14]} 30. cxd6 {[%clk 0:00:37]} exd6
{[%clk 0:00:16]} 31. Rf5 {[%clk 0:00:33]} f6 {[%clk 0:00:16]} 32. Bf1
{[%clk 0:00:30]} axb3 {[%clk 0:00:16]} 33. axb3 {[%clk 0:00:31]} Rab8
{[%clk 0:00:14]} 34. Kb2 {[%clk 0:00:29]} Rb4 {[%clk 0:00:16]} 35. Bd3
{[%clk 0:00:25]} d5 {[%clk 0:00:06]} 36. exd5 {[%clk 0:00:20]} Rd4
{[%clk 0:00:07]} 37. Bc4 {[%clk 0:00:15]} Nxc4+ {[%clk 0:00:05]} 38. bxc4
{[%clk 0:00:14]} Rxc4 {[%clk 0:00:06]} 39. Rg6+ {[%clk 0:00:14]} Kh7
{[%clk 0:00:07]} 40. Rfxf6 {[%clk 0:00:15]} Rb8+ {[%clk 0:00:07]} 41. Rb6
{[%clk 0:00:15]} Rxb6+ 42. Rxb6 Rc5 {[%clk 0:00:05]} 43. d6 {[%clk 0:00:12]} Kg7
{[%clk 0:00:06]} 44. h6+ {[%clk 0:00:12]} Kh7 {[%clk 0:00:06]} 45. Kb3
{[%clk 0:00:12]} Rc1 {[%clk 0:00:03]} 46. Kb4 {[%clk 0:00:13]} Rd1
{[%clk 0:00:00]} 47. Kc5 {[%clk 0:00:13]} 1-0

[Event "Blitz 2018"]
[Site "Saint-Petersburg"]
[Date "2018.12.29"]
[Round "3"]
[Board "6"]
[White "Indjic Aleksandar (SRB)"]
[Black "Karjakin Sergey (RUS)"]
[Result "0-1"]
[LiveChessVersion "1.4.8"]
[BlackElo "2759"]
[WhiteElo "2643"]

1. c4 {[%clk 0:03:02]} Nf6 {[%clk 0:03:01]} 2. Nc3 {[%clk 0:03:01]} e5
{[%clk 0:03:01]} 3. e3 {[%clk 0:03:01]} Nc6 {[%clk 0:03:00]} 4. g4
{[%clk 0:03:02]} h6 {[%clk 0:02:30]} 5. Bg2 {[%clk 0:03:03]} d6 {[%clk 0:02:26]}
6. h3 {[%clk 0:03:04]} g6 {[%clk 0:02:24]} 7. Nge2 {[%clk 0:03:04]} Bg7
{[%clk 0:02:25]} 8. d4 {[%clk 0:03:05]} O-O {[%clk 0:02:03]} 9. O-O
{[%clk 0:03:05]} Re8 {[%clk 0:01:19]} 10. d5 {[%clk 0:03:06]} Nb8
{[%clk 0:00:57]} 11. f4 {[%clk 0:03:06]} exf4 {[%clk 0:00:55]} 12. exf4
{[%clk 0:03:07]} c6 {[%clk 0:00:52]} 13. Ng3 {[%clk 0:03:02]} cxd5
{[%clk 0:00:53]} 14. cxd5 {[%clk 0:02:55]} Na6 {[%clk 0:00:46]} 15. g5
{[%clk 0:02:53]} hxg5 {[%clk 0:00:44]} 16. fxg5 {[%clk 0:02:54]} Nd7
{[%clk 0:00:45]} 17. Nge4 {[%clk 0:02:32]} Nac5 {[%clk 0:00:23]} 18. Nxd6
{[%clk 0:02:29]} Rf8 {[%clk 0:00:24]} 19. Nde4 {[%clk 0:02:24]} b5
{[%clk 0:00:16]} 20. Be3 {[%clk 0:02:20]} b4 {[%clk 0:00:13]} 21. Nxc5
{[%clk 0:01:40]} bxc3 {[%clk 0:00:14]} 22. Nxd7 {[%clk 0:01:37]} Bxd7
{[%clk 0:00:14]} 23. bxc3 {[%clk 0:01:37]} Bxc3 {[%clk 0:00:14]} 24. Rc1
{[%clk 0:01:32]} Qa5 {[%clk 0:00:12]} 25. h4 {[%clk 0:00:37]} Rfe8
{[%clk 0:00:06]} 26. Bf2 {[%clk 0:00:37]} Be5 {[%clk 0:00:06]} 27. Qf3
{[%clk 0:00:20]} Bf5 {[%clk 0:00:06]} 28. h5 {[%clk 0:00:19]} Qxa2
{[%clk 0:00:05]} 29. Rce1 {[%clk 0:00:10]} Qd2 {[%clk 0:00:05]} 30. Rxe5
{[%clk 0:00:06]} Rxe5 {[%clk 0:00:06]} 31. Qg3 {[%clk 0:00:08]} Rae8
{[%clk 0:00:06]} 32. h6 {[%clk 0:00:06]} Re4 {[%clk 0:00:04]} 33. d6
{[%clk 0:00:04]} Rg4 {[%clk 0:00:04]} 34. Qh3 {[%clk 0:00:05]} Kh7
{[%clk 0:00:04]} 35. Qh2 {[%clk 0:00:03]} Qxg5 {[%clk 0:00:05]} 36. Re1
{[%clk 0:00:03]} Rxe1+ {[%clk 0:00:05]} 37. Bxe1 {[%clk 0:00:04]} Be4
{[%clk 0:00:06]} 38. d7 {[%clk 0:00:00]} Rxg2+ {[%clk 0:00:06]} 0-1

[Event "Blitz 2018"]
[Site "Saint-Petersburg"]
[Date "2018.12.29"]
[Round "3"]
[Board "8"]
[White "Mamedov Rauf (AZE)"]
[Black "Christiansen Johan-Sebastian (NOR)"]
[Result "1-0"]
[LiveChessVersion "1.4.8"]
[BlackElo "2635"]
[WhiteElo "2741"]

1. e4 {[%clk 0:03:03]} e6 {[%clk 0:03:04]} 2. d4 d5 3. Nd2 {[%clk 0:02:57]} Be7
{[%clk 0:03:06]} 4. e5 {[%clk 0:02:58]} c5 {[%clk 0:03:08]} 5. c3
{[%clk 0:02:57]} Nc6 {[%clk 0:03:09]} 6. Bd3 {[%clk 0:02:58]} Qb6
{[%clk 0:02:53]} 7. Ndf3 {[%clk 0:02:58]} cxd4 {[%clk 0:02:51]} 8. cxd4
{[%clk 0:02:59]} Bb4+ {[%clk 0:02:53]} 9. Kf1 {[%clk 0:03:01]} Bd7
{[%clk 0:02:47]} 10. Ne2 {[%clk 0:02:56]} Rc8 {[%clk 0:02:38]} 11. g3
{[%clk 0:02:55]} a5 {[%clk 0:02:16]} 12. Kg2 {[%clk 0:02:55]} Bf8
{[%clk 0:02:01]} 13. Be3 {[%clk 0:02:30]} Nge7 {[%clk 0:02:01]} 14. Nf4
{[%clk 0:02:25]} Nb4 {[%clk 0:01:58]} 15. Bb1 {[%clk 0:02:23]} Ng6
{[%clk 0:01:59]} 16. Nh5 {[%clk 0:02:06]} Ne7 {[%clk 0:01:21]} 17. g4
{[%clk 0:01:52]} Nec6 {[%clk 0:00:26]} 18. a3 {[%clk 0:01:46]} Na6
{[%clk 0:00:28]} 19. Bd3 {[%clk 0:01:47]} Na7 {[%clk 0:00:24]} 20. Ng5
{[%clk 0:01:45]} h6 {[%clk 0:00:21]} 21. Nf3 {[%clk 0:01:34]} Bb5
{[%clk 0:00:22]} 22. Bc2 {[%clk 0:01:23]} Rg8 {[%clk 0:00:15]} 23. Rc1
{[%clk 0:01:21]} Bd7 {[%clk 0:00:11]} 24. Rb1 {[%clk 0:01:11]} Be7
{[%clk 0:00:13]} 25. Qd2 {[%clk 0:01:06]} Nc6 {[%clk 0:00:07]} 26. Rhc1
{[%clk 0:00:46]} g6 {[%clk 0:00:08]} 27. Nf6+ {[%clk 0:00:47]} Bxf6
{[%clk 0:00:09]} 28. exf6 {[%clk 0:00:49]} h5 {[%clk 0:00:11]} 29. h3
{[%clk 0:00:47]} hxg4 {[%clk 0:00:12]} 30. hxg4 Nc7 31. Rh1 {[%clk 0:00:45]} Qa7
{[%clk 0:00:11]} 32. Rh7 a4 33. Ng5 Rf8 34. Nxf7 {[%clk 0:00:42]} Nb5
{[%clk 0:00:04]} 35. Bxg6 {[%clk 0:00:42]} Rg8 {[%clk 0:00:05]} 36. Ne5+
{[%clk 0:00:40]} Rxg6 {[%clk 0:00:03]} 37. Rh8+ {[%clk 0:00:41]} 1-0

[Event "Blitz 2018"]
[Site "Saint-Petersburg"]
[Date "2018.12.29"]
[Round "3"]
[Board "9"]
[White "Savchenko Boris (RUS)"]
[Black "Jobava Baadur (GEO)"]
[Result "0-1"]
[LiveChessVersion "1.4.8"]
[BlackElo "2705"]
[WhiteElo "2639"]

1. e4 {[%clk 0:03:03]} c5 {[%clk 0:03:02]} 2. Nf3 {[%clk 0:03:03]} e6
{[%clk 0:03:03]} 3. d4 {[%clk 0:03:01]} cxd4 {[%clk 0:03:04]} 4. Nxd4
{[%clk 0:03:02]} Nf6 {[%clk 0:03:05]} 5. Nc3 {[%clk 0:03:03]} Bb4
{[%clk 0:03:06]} 6. e5 {[%clk 0:03:03]} Nd5 {[%clk 0:03:06]} 7. Qg4
{[%clk 0:02:59]} Kf8 {[%clk 0:03:08]} 8. Bd2 {[%clk 0:02:55]} h5 {[%clk 0:03:08]}
9. Qg3 {[%clk 0:02:41]} Nc6 {[%clk 0:02:46]} 10. Nxc6 {[%clk 0:02:33]} bxc6
{[%clk 0:02:47]} 11. O-O-O {[%clk 0:02:31]} a5 {[%clk 0:02:30]} 12. Ne4
{[%clk 0:02:27]} Qb6 {[%clk 0:02:00]} 13. c4 {[%clk 0:02:09]} Ne7
{[%clk 0:00:52]} 14. Bc3 {[%clk 0:02:07]} Nf5 {[%clk 0:00:51]} 15. Qd3
{[%clk 0:02:04]} a4 {[%clk 0:00:36]} 16. g3 {[%clk 0:01:49]} c5 {[%clk 0:00:28]}
17. Bh3 {[%clk 0:00:57]} Bxc3 {[%clk 0:00:26]} 18. bxc3 {[%clk 0:00:57]} Rb8
{[%clk 0:00:23]} 19. Kd2 {[%clk 0:00:51]} Qb2+ {[%clk 0:00:21]} 20. Qc2
{[%clk 0:00:52]} Qxc2+ {[%clk 0:00:20]} 21. Kxc2 {[%clk 0:00:52]} Bb7
{[%clk 0:00:20]} 22. Rhe1 {[%clk 0:00:29]} Bxe4+ {[%clk 0:00:21]} 23. Rxe4
{[%clk 0:00:30]} Ke7 {[%clk 0:00:22]} 24. Bxf5 {[%clk 0:00:16]} exf5
{[%clk 0:00:23]} 25. Re2 {[%clk 0:00:16]} Rb7 {[%clk 0:00:23]} 26. Rd5
{[%clk 0:00:15]} Rhb8 {[%clk 0:00:24]} 27. Kd3 {[%clk 0:00:12]} Rb2
{[%clk 0:00:25]} 28. Rc2 {[%clk 0:00:06]} Rxc2 {[%clk 0:00:25]} 29. Kxc2
{[%clk 0:00:07]} a3 {[%clk 0:00:27]} 30. Rd2 {[%clk 0:00:03]} d6 {[%clk 0:00:07]}
31. exd6+ {[%clk 0:00:04]} Kd7 {[%clk 0:00:09]} 32. Kd3 {[%clk 0:00:06]} Kxd6
{[%clk 0:00:10]} 33. Re2 {[%clk 0:00:07]} Rb1 {[%clk 0:00:08]} 34. f4
{[%clk 0:00:07]} g6 {[%clk 0:00:09]} 35. Rd2 {[%clk 0:00:08]} Kc6
{[%clk 0:00:09]} 36. Re2 {[%clk 0:00:10]} h4 {[%clk 0:00:07]} 37. Rd2
{[%clk 0:00:10]} h3 {[%clk 0:00:08]} 38. Re2 {[%clk 0:00:11]} Rg1
{[%clk 0:00:10]} 39. Rd2 {[%clk 0:00:12]} Rg2 {[%clk 0:00:11]} 40. Ke3
{[%clk 0:00:13]} Rg1 {[%clk 0:00:12]} 41. Kd3 {[%clk 0:00:14]} f6
{[%clk 0:00:13]} 42. Re2 {[%clk 0:00:14]} Kd6 {[%clk 0:00:14]} 43. Ke3
{[%clk 0:00:15]} g5 {[%clk 0:00:15]} 44. Rd2+ {[%clk 0:00:16]} Ke6
{[%clk 0:00:15]} 45. Re2 {[%clk 0:00:17]} Kf7 {[%clk 0:00:14]} 46. Rd2
{[%clk 0:00:18]} Kg6 {[%clk 0:00:16]} 47. Kf3 {[%clk 0:00:17]} Kh5
{[%clk 0:00:16]} 48. Rd8 {[%clk 0:00:16]} g4+ {[%clk 0:00:17]} 49. Ke3
{[%clk 0:00:17]} Re1+ {[%clk 0:00:18]} 50. Kf2 {[%clk 0:00:11]} Rh1
{[%clk 0:00:17]} 51. Rd5 {[%clk 0:00:06]} Rxh2+ {[%clk 0:00:17]} 52. Kf1
{[%clk 0:00:06]} Rh1+ {[%clk 0:00:18]} 53. Kf2 {[%clk 0:00:07]} Ra1
{[%clk 0:00:19]} 54. Rxf5+ {[%clk 0:00:07]} Kg6 {[%clk 0:00:20]} 55. Rxc5
{[%clk 0:00:08]} h2 {[%clk 0:00:21]} 0-1

[Event "Blitz 2018"]
[Site "Saint-Petersburg"]
[Date "2018.12.29"]
[Round "3"]
[Board "10"]
[White "Alekseev Evgeny (RUS)"]
[Black "Petrosian Tigran L. (ARM)"]
[Result "1-0"]
[LiveChessVersion "1.4.8"]
[BlackElo "2700"]
[WhiteElo "2634"]

1. e4 {[%clk 0:03:03]} d6 {[%clk 0:03:04]} 2. d4 {[%clk 0:03:04]} Nf6
{[%clk 0:03:05]} 3. Bd3 {[%clk 0:03:04]} e5 {[%clk 0:03:02]} 4. c3
{[%clk 0:03:04]} Nc6 {[%clk 0:03:01]} 5. Nf3 {[%clk 0:03:04]} g6 {[%clk 0:02:58]}
6. O-O {[%clk 0:03:01]} Bg7 {[%clk 0:02:59]} 7. Re1 {[%clk 0:03:00]} O-O
{[%clk 0:03:00]} 8. Nbd2 {[%clk 0:03:00]} Nh5 {[%clk 0:02:58]} 9. Nb3
{[%clk 0:03:01]} h6 {[%clk 0:02:58]} 10. Be3 {[%clk 0:02:48]} Re8
{[%clk 0:02:57]} 11. Nfd2 {[%clk 0:01:58]} Qe7 {[%clk 0:02:37]} 12. Bf1
{[%clk 0:01:53]} Nf6 {[%clk 0:02:30]} 13. f3 {[%clk 0:01:44]} Bd7
{[%clk 0:02:24]} 14. Bf2 {[%clk 0:01:27]} Kh8 {[%clk 0:02:18]} 15. Nc4
{[%clk 0:01:23]} Qf8 {[%clk 0:01:44]} 16. Ne3 {[%clk 0:01:22]} a6
{[%clk 0:01:38]} 17. Qd2 {[%clk 0:01:21]} Kh7 {[%clk 0:01:39]} 18. Rad1
{[%clk 0:01:21]} Rad8 {[%clk 0:01:30]} 19. Qc2 {[%clk 0:01:22]} Ra8
{[%clk 0:01:07]} 20. Qd2 {[%clk 0:01:19]} a5 {[%clk 0:00:59]} 21. Na1
{[%clk 0:01:09]} a4 {[%clk 0:00:33]} 22. Nac2 {[%clk 0:01:08]} Na5
{[%clk 0:00:34]} 23. Na3 {[%clk 0:01:02]} Be6 {[%clk 0:00:29]} 24. d5
{[%clk 0:00:50]} Bd7 {[%clk 0:00:30]} 25. Nb5 {[%clk 0:00:42]} Rec8
{[%clk 0:00:27]} 26. c4 {[%clk 0:00:40]} b6 {[%clk 0:00:24]} 27. Qc2
{[%clk 0:00:37]} Nb7 {[%clk 0:00:20]} 28. b4 {[%clk 0:00:38]} axb3
{[%clk 0:00:20]} 29. axb3 {[%clk 0:00:39]} h5 {[%clk 0:00:16]} 30. Ra1
{[%clk 0:00:38]} Qd8 {[%clk 0:00:18]} 31. b4 {[%clk 0:00:35]} Bh6
{[%clk 0:00:18]} 32. Na7 {[%clk 0:00:30]} Rcb8 {[%clk 0:00:19]} 33. Nc6
{[%clk 0:00:30]} Rxa1 {[%clk 0:00:05]} 34. Rxa1 {[%clk 0:00:22]} Qc8
{[%clk 0:00:05]} 35. Nxb8 {[%clk 0:00:21]} Qxb8 {[%clk 0:00:06]} 36. Qa2
{[%clk 0:00:21]} Qd8 {[%clk 0:00:05]} 37. Qa8 {[%clk 0:00:20]} Bc8
{[%clk 0:00:06]} 38. Ra7 {[%clk 0:00:19]} h4 {[%clk 0:00:04]} 39. Rxb7
{[%clk 0:00:18]} Nh5 {[%clk 0:00:04]} 40. Rb8 {[%clk 0:00:15]} Qg5
{[%clk 0:00:04]} 41. Rxc8 {[%clk 0:00:15]} Bg7 {[%clk 0:00:05]} 42. Rxc7
{[%clk 0:00:13]} Nf4 {[%clk 0:00:07]} 43. Kh1 {[%clk 0:00:14]} h3
{[%clk 0:00:07]} 44. g3 {[%clk 0:00:13]} Ng2 {[%clk 0:00:07]} 45. Bxg2
{[%clk 0:00:13]} hxg2+ {[%clk 0:00:08]} 46. Kxg2 {[%clk 0:00:14]} f5
{[%clk 0:00:05]} 47. Qf8 {[%clk 0:00:13]} 1-0

[Event "Blitz 2018"]
[Site "Saint-Petersburg"]
[Date "2018.12.29"]
[Round "3"]
[Board "11"]
[White "Riazantsev Alexander (RUS)"]
[Black "Shirov Alexei (ESP)"]
[Result "1/2-1/2"]
[LiveChessVersion "1.4.8"]
[BlackElo "2699"]
[WhiteElo "2633"]

1. d4 {[%clk 0:03:03]} d5 {[%clk 0:03:04]} 2. c4 {[%clk 0:03:05]} c6
{[%clk 0:03:05]} 3. cxd5 {[%clk 0:03:06]} cxd5 {[%clk 0:03:06]} 4. Bg5
{[%clk 0:03:07]} h6 {[%clk 0:03:05]} 5. Bh4 {[%clk 0:03:08]} Qb6 {[%clk 0:03:00]}
6. Nc3 {[%clk 0:03:09]} e6 {[%clk 0:03:01]} 7. Rb1 {[%clk 0:03:11]} Nc6
{[%clk 0:03:00]} 8. e3 {[%clk 0:03:12]} Be7 {[%clk 0:02:50]} 9. Bxe7
{[%clk 0:03:10]} Ngxe7 {[%clk 0:02:50]} 10. Bd3 {[%clk 0:03:10]} Bd7
{[%clk 0:02:51]} 11. a3 {[%clk 0:03:10]} Na5 {[%clk 0:02:40]} 12. Nf3
{[%clk 0:03:01]} Rc8 {[%clk 0:02:37]} 13. O-O {[%clk 0:02:55]} f6
{[%clk 0:02:29]} 14. Na4 {[%clk 0:02:41]} Qb3 {[%clk 0:02:25]} 15. Nc5
{[%clk 0:02:38]} Qxd1 {[%clk 0:02:24]} 16. Rfxd1 {[%clk 0:02:39]} b6
{[%clk 0:02:24]} 17. Nxd7 {[%clk 0:02:12]} Kxd7 {[%clk 0:02:25]} 18. Nd2
{[%clk 0:02:07]} Rc7 {[%clk 0:02:19]} 19. Ba6 {[%clk 0:02:05]} Nb7
{[%clk 0:02:12]} 20. Rbc1 {[%clk 0:02:00]} Nd6 {[%clk 0:02:12]} 21. Rxc7+
{[%clk 0:01:59]} Kxc7 {[%clk 0:02:13]} 22. Rc1+ {[%clk 0:01:48]} Kd7
{[%clk 0:02:14]} 23. Kf1 {[%clk 0:01:43]} Nc6 {[%clk 0:02:05]} 24. Ke2
{[%clk 0:01:33]} Nb8 {[%clk 0:02:05]} 25. Bd3 {[%clk 0:01:34]} Rc8
{[%clk 0:02:04]} 26. Rxc8 {[%clk 0:01:32]} Kxc8 {[%clk 0:02:02]} 27. h4
{[%clk 0:01:32]} Kd7 {[%clk 0:02:01]} 28. g3 {[%clk 0:01:25]} 1/2-1/2